| 000 | 00808nam a2200217Ii 4500 | ||
|---|---|---|---|
| 003 | JO-AjNU | ||
| 008 | 230605s9999||||xx |||||||||||||| ||und|| | ||
| 017 | _a2012/12/4782 | ||
| 020 | _a978-9957-49-050-8 | ||
| 040 |
_aJO-AjNU _bara _erda _cJO-AjNU |
||
| 041 | _aara | ||
| 050 | 1 | 4 | _aPJ7760.B38.Z87 2013 |
| 100 | 3 |
_aتحقيق الربابعة، حسن محمد, _eauthor _949404 |
|
| 245 | 0 | 0 | _aفيض الفضل ، وجمع الشمل "ديوان شعر" للشاعرة عائشة الباعونية (866-932هـ) |
| 264 | 3 | 1 | _aعمان:وزارة الثقافة،2013 |
| 300 | _a505ص | ||
| 336 |
_atext _btxt _2rdacontent |
||
| 337 |
_aunmediated _bn _2rdamedia |
||
| 338 |
_avolume _bnc _2rdacarrier |
||
| 650 | 4 |
_a الشعر العربي - العصر المملوكي - تاريخ ونقد _949405 |
|
| 999 |
_aA21697 _c25265 _d25265 |
||